01344nam a2200241 a 450000100100000000500170001000800410002702000150006804000250008324501340010826001130024230000380035549000450039350000320043870000350047071001000050583000480060595201080065395201080076195201080086995201080097799900170108500003984320201002033750.0130725s1982 sp ad 000 0 spa d a8400051432 aDO-SdBNPbspacBNPHU00aMúsica barroca española Volumen II Polifonía policoral litúrgica. /cestudios y transcripciónpor Miguel Querol Gavalda. aBarcelona :bConsejo Superior de Investigaciones Científicas, Instituto Español de Musicología,c1982. av. (164) p. :bfacsims. ;c33 cm.1 aMonumentos de la música españolav41 aLa biblioteca posee el v. 21 aQuerol Gavaldá Miguel9660332 aConsejo Superior de Investigaciones Científicas,bInstituto Español de Musicología966034 0aMonumentos de la música española965588 001050718MOaGRbGRcHDd2013-07-25iLF1l0ov. 2p39843-10r2020-06-25w2020-06-25y1ZNo se presta 001050718MOaGRbGRcHDd2014-04-02iLF1l0ov. 3p39843-20r2020-06-25w2020-06-25y1ZNo se presta 001050718MOaGRbGRcHDd2014-04-02iLF1l0ov. 4p39843-30r2020-06-25w2020-06-25y1ZNo se presta 001050718MOaGRbGRcHDd2014-04-02iLF1l0ov. 6p39843-40r2020-06-25w2020-06-25y1ZNo se presta c39333d39333